00669nam a2200241 a 4500001001300000003000900013005001700022008004100039020000800080082001600088100001900104245004800123260002900171300000900200500003500209505001000244650002000254700001900274902000800293942000700301952010600308999001300414nice12345678IN_TiNIC20260116011307.0050524s1959 boma grp 000 0 eng  ac000a922.97bKAB aKabir, Humayun aMaulana Abul Kalam Azadb a Memorial Volume aBombaybAsia Pressc1959 a241p aincludes index and biblioraphy2 aIndex aAbul Kalam Azad1 aKabir, Humayun bSRS cBK 00104070aHMIbHMId2005-05-24g0.00l3o922.97 KABp00994r2023-10-24s2023-10-06w2026-01-16yEB c243d243